Statistics for Maricopa County, AZ, USA Cities

Click here to take the quiz!

General Stats

  • This quiz has been taken 20 times
  • The average score is 11 of 15

Answer Stats

Cities% Correct
Chandler
100%
Glendale
100%
Phoenix
100%
Peoria
92%
Scottsdale
92%
Tempe
92%
Mesa
85%
Surprise
77%
Buckeye
69%
Apache Junction
54%
Avondale
54%
El Mirage
54%
Goodyear
54%
Tolleson
54%
Litchfield Park
38%

Score Distribution

Percentile by Number Answered

Percent of People with Each Score

Your Score History

You have not taken this quiz